The foundations of mathematics : a study in the philosophy of science /
Guardado en:
| Autor Principal: | |
|---|---|
| Formato: | Libro |
| Idioma: | English |
| Publicado: |
Amsterdam :
North-Holland,
1959.
|
| Series: | Studies in logic and the foundations of mathematics
|
| Etiquetas: |
Agregar Etiqueta
Sin Etiquetas, Sea el primero en etiquetar este registro!
|
| LEADER | 00606nam a22001695a 4500 | ||
|---|---|---|---|
| 001 | MAT.inmabb001365 | ||
| 008 | 031124s1959####ne############000#0#eng#d | ||
| 005 | 20130312155300.0 | ||
| 245 | 1 | 4 | |a The foundations of mathematics : |b a study in the philosophy of science / |c Evert W. Beth. |
| 260 | |a Amsterdam : |b North-Holland, |c 1959. | ||
| 300 | |a xxvi, 741 p. ; |c 23 cm. | ||
| 440 | 0 | |a Studies in logic and the foundations of mathematics | |
| 510 | 4 | |a MR, |c 22 #9445 | |
| 100 | 1 | |a Beth, Evert Willem. | |
| 084 | |a 03-01 |2 msc2000 | ||
| 859 | |h 03 |i B562f |p A-1612 |b BIB. MATEMATICA | ||
| 859 | |h 03 |i B562f |p A-2085 |t Ej. 2 |b BIB. MATEMATICA | ||
